Ethnic Groups by Country - Statistics

General Stats
  • This quiz has been taken 552 times
  • The average score is 20 of 24
Answer Stats
Country Ethnic Group % Correct
Russia Russian
99%
Russian
99%
Russian
99%
Russian
99%
Russian
99%
Russian
99%
Armenian
96%
Armenian
96%
Armenia Armenian
96%
Lithuania Lithuanian
95%
Estonia Estonian
94%
Latvia Latvian
94%
Azerbaijani
93%
Azerbaijan Azerbaijani
93%
Finland Finnish
93%
Georgia Georgians
93%
Ukrainian
81%
Ukrainian
81%
Swedish
80%
Pole
75%
Tatar
65%
Belarusians
45%
Yazidis
5%
Lezgian
4%
No matching quizzes found
Score Distribution
Percent of People with Each Score
Percentile by Number Answered
Your Score History
You have not taken this quiz